| 000 | 00734nam a22002297i 4500 | ||
|---|---|---|---|
| 999 |
_c22899 _d22899 |
||
| 003 | AR-CdUCM | ||
| 008 | 240514b20112011 pe||||| |||| 00| 0 spa d | ||
| 040 |
_aMUNICIPALIDAD PROVINCIAL DEL CUSCO _cBIBLIOTECA MUNICIPAL DEL CUSCO |
||
| 082 |
_a869.51 / V39 _bV39 |
||
| 100 |
_aVelázquez Iwaki, Carlos. _949854 |
||
| 245 | _aRito murmurante / | ||
| 260 |
_aCusco : _bQuisakuro Editores, _c2011 |
||
| 300 |
_a103 páginas. : _c23 cm. |
||
| 505 | _aPoesía Cusqueña | ||
| 650 |
_aVivir en el camino _949855 |
||
| 650 |
_aContentamiento de la hoguera _949856 |
||
| 650 |
_aRosa inclinada _949857 |
||
| 650 |
_aRitos habituales _949858 |
||
| 650 |
_aRigor de lo solitario _949859 |
||
| 942 |
_2ddc _cLIBROS |
||
| 945 |
_apbj _d2024-05-14 |
||